| 000 | 003830000a22001570004500 | ||
|---|---|---|---|
| 020 | _a84-414-1656-7 | ||
| 082 | 0 | 4 | _aB B967n |
| 100 | 1 | _aBussolati Emanuela | |
| 245 | 1 | 0 | _aLa naturaleza / Emanuela Bussolati ; ilustraciones Laura Rigo |
| 260 | _aitalia : EDAF | ||
| 300 | _a[18 P.] | ||
| 440 | 0 | _aPalabritas | |
| 500 | _aPara niños de 1 a 4 años | ||
| 001 | 2001 | ||
| 942 | _cLGB | ||
| 999 |
_c49151 _d49151 |
||